Construction materials (Record no. 111042)
[ view plain ]
| 000 -LEADER | |
|---|---|
| fixed length control field | 01325cad a2200229 4500 |
| 008 - FIXED-LENGTH DATA ELEMENTS--GENERAL INFORMATION | |
| fixed length control field | 000000n2010 000 0 eng u |
| 020 ## - INTERNATIONAL STANDARD BOOK NUMBER | |
| International Standard Book Number | 9780203927571 |
| 035 ## - SYSTEM CONTROL NUMBER | |
| System control number | (Sirsi) u150940 |
| 041 0# - LANGUAGE CODE | |
| Language code of text/sound track or separate title | eng |
| 100 ## - MAIN ENTRY--PERSONAL NAME | |
| Personal name | Illston, J.M. |
| 245 ## - TITLE STATEMENT | |
| Title | Construction materials |
| Remainder of title | their nature and behaviour |
| Medium | [electronic resource] |
| 250 ## - EDITION STATEMENT | |
| Edition statement | 4th ed. |
| 260 ## - PUBLICATION, DISTRIBUTION, ETC. | |
| Place of publication, distribution, etc. | London |
| Name of publisher, distributor, etc. | Taylor & Francis |
| Date of publication, distribution, etc. | 2010 |
| 300 ## - PHYSICAL DESCRIPTION | |
| Extent | eBook |
| 505 2# - FORMATTED CONTENTS NOTE | |
| Formatted contents note | Fundamentals -- Metals and alloys -- Concrete -- Bituminous materials -- Masonry: Brickwork, blockwork and stonework -- Polymers -- Fibre Composites -- Timber -- Glass -- Selection and sustainable use of construction materials |
| 520 ## - SUMMARY, ETC. | |
| Summary, etc. | The fourth edition of this eBook provides coverage of the main construction materials for undergraduates, graduates and professionals. Materials covered include metals and alloys, concrete, bituminous materials, brickwork and blockwork, polymers, fibre composites and timber. An introductory 'fundamentals' section provides a materials science approach to the structure and behaviour of materials in general. |
| 651 #4 - SUBJECT ADDED ENTRY--GEOGRAPHIC NAME | |
| Geographic name | ENGLAND AND WALES |
| 690 ## - LOCAL SUBJECT ADDED ENTRY--TOPICAL TERM (OCLC, RLIN) | |
| Topical term or geographic name as entry element | BUILT ENVIRONMENT-BUILDING MATERIALS |
| 700 ## - ADDED ENTRY--PERSONAL NAME | |
| Personal name | Domone, P.L.J. |
| 856 40 - ELECTRONIC LOCATION AND ACCESS | |
| Uniform Resource Identifier | <a href="https://www.vlebooks.com/">https://www.vlebooks.com/</a> |
| Public note | View on VLEbooks. Logins for members only from [email protected] |
| 942 ## - ADDED ENTRY ELEMENTS (KOHA) | |
| Suppress in OPAC | 0 |
| Withdrawn status | Lost status | Source of classification or shelving scheme | Damaged status | Not for loan | Home library | Current library | Shelving location | Date acquired | Total Checkouts | Full call number | Barcode | Date last seen | Copy number | Price effective from | Koha item type |
|---|---|---|---|---|---|---|---|---|---|---|---|---|---|---|---|
| Dewey Decimal Classification | Virtual | Virtual | Online | 16/09/2010 | EBOOK | 150940-2001 | 06/08/2019 | 1 | 06/08/2019 | Book |